BUBT Library Online Catalog

An Introduction to Transformational Syntax : (Record no. 3036)

000 -LEADER
fixed length control field 00607nam a2200217Ia 4500
003 - CONTROL NUMBER IDENTIFIER
control field BUBTL
008 - FIXED-LENGTH DATA ELEMENTS--GENERAL INFORMATION
fixed length control field 151213s9999 xx 000 0 und d
020 ## - INTERNATIONAL STANDARD BOOK NUMBER
International Standard Book Number 0710069758
082 ## - DEWEY DECIMAL CLASSIFICATION NUMBER
Classification number 415/ F8292t/ 1971
100 ## - MAIN ENTRY--PERSONAL NAME
Personal name Fowler, Roger
9 (RLIN) 4650
245 ## - TITLE STATEMENT
Title An Introduction to Transformational Syntax :
Statement of responsibility, etc. Roger Fowler
250 ## - EDITION STATEMENT
Edition statement 1st
260 ## - PUBLICATION, DISTRIBUTION, ETC. (IMPRINT)
Place of publication, distribution, etc. London
Name of publisher, distributor, etc. Routledge & kegan Paul
Date of publication, distribution, etc. c1971
300 ## - PHYSICAL DESCRIPTION
Extent 178p. :
Other physical details 21 cm
500 ## - GENERAL NOTE
General note Includes Index
650 ## - SUBJECT ADDED ENTRY--TOPICAL TERM
Topical term or geographic name as entry element English Language
9 (RLIN) 194
700 ## - ADDED ENTRY--PERSONAL NAME
Personal name Roger Fowler
9 (RLIN) 4651
856 ## - ELECTRONIC LOCATION AND ACCESS
Password 0
Logon 0
Link text Download
942 ## - ADDED ENTRY ELEMENTS (KOHA)
Source of classification or shelving scheme
Koha item type Books
Holdings
Withdrawn status Lost status Source of classification or shelving scheme Damaged status Not for loan Collection code Permanent location Current location Shelving location Date acquired Source of acquisition Inventory number Total Checkouts Full call number Barcode Date last seen Copy number Price effective from Koha item type Date last checked out
          Non-fiction Bangladesh University of Business and Technology Library Bangladesh University of Business and Technology Library English Literature Stacks 07/12/2007 Purchase 3482   415/ F8292t/ 1971 BUBTL-20033482 09/12/2022 C-1 09/12/2022 Books  
          Non-fiction Bangladesh University of Business and Technology Library Bangladesh University of Business and Technology Library English Literature Stacks 01/16/2008 Purchase 4816   415/ F8292t/ 1971 BUBTL-20034816 09/12/2022 C-2 09/12/2022 Books  
          Non-fiction Bangladesh University of Business and Technology Library Bangladesh University of Business and Technology Library English Literature Stacks 01/16/2008 Purchase 4817 1 415/ F8292t/ 1971 BUBTL-20034817 05/02/2024 C-3 09/12/2022 Books 03/05/2024
          Non-fiction Bangladesh University of Business and Technology Library Bangladesh University of Business and Technology Library English Literature Stacks 01/10/2008 Purchase 4818 2 415/ F8292t/ 1971 BUBTL-20034818 02/13/2024 C-4 10/25/2022 Books 02/05/2024

More Information About Library

Library Hours

  • Open: 9.00 am. to 9.00 pm.
  • Only Sunday: 9.00 am. to 6.00 pm.
  • Closed: Holiday

Contact to the University

Bangladesh University of Business and Technology Library

  • Mirpurl-2, 1216.
  • Phone:
  • Fax:
  • E-Mail: admin.library@bubt.edu.bd

Contact to the Library

Contact Person:

Md. Abdul Hakim Shah
Joint Librarian
PABX No:  113
Cell No: 01816332931
E-mail: official: admin.library@bubt.edu.bd
Personal: hakim.shah@bubt.edu.bd


BUBT Library

Copyright © 2021